000 00749cam a2200253 i 4500
008
020 _a0582236525(pbk.)
049 _aMAIN
090 _aTH6025
_bHAL
100 1 _aHall, Frederick E.
245 1 0 _aBuilding services and equipment, Volume 1 /
_cFrederick E. Hall.
250 _a3rd ed.
260 _aEssex :
_bLongman,
_c1994.
300 _a159 p. :
_bill. ;
_c28 cm.
504 _aIncludes bibliographical references.
500 _aIncludes index.
650 0 _aBuildings
_xEnvironmental engineering.
650 0 _aBuildings
_xMechanical equipment.
907 _a.b10216121
_b18-10-17
_c02-10-06
003
005 20230123134255.0
040 _cNUST
942 _cBOOKS
_kTH6025
_mHAL
999 _c163049
_d163049